| 000 | 00450cam a2200193ua 4500 | ||
|---|---|---|---|
| 020 | _c8.00 | ||
| 041 |
_aeng _h |
||
| 082 |
_a428 _bTRI/AB |
||
| 100 | _aTreble, H A . | ||
| 245 |
_aABC of English usage / _cH A Treble. _hTextual Documents |
||
| 250 |
_a1 / _b. |
||
| 260 |
_aOxford : _bClarendon Press , _c1961. |
||
| 300 | _a191 ; . | ||
| 365 | _a8.00 | ||
| 504 | _a | ||
| 700 | 1 | _aVallins, G H . | |
| 942 | _cBK | ||
| 999 |
_c5720 _d5720 |
||